Egyetemisták és a tömegsport

Elmentve itt :
Bibliográfiai részletek
Szerző: Gyürki Ernő
Dokumentumtípus: Cikk
Megjelent: 1970-05-16
Sorozat:Délmagyarország 60 No. 113
Kulcsszavak:Sportélet egyetemi Szeged 1970, sport
Online Access:http://dmarchiv.bibl.u-szeged.hu/70102
LEADER 00473nab a2200157 i 4500
001 delm70102
005 20180927153650.0
008 180927s1970 hu o 0|| hun d
040 |a SZTE Délmagyarország Archívum  |b hun 
041 |a hun 
100 1 |a Gyürki Ernő 
245 1 0 |a Egyetemisták és a tömegsport  |h [elektronikus dokumentum] /  |c  Gyürki Ernő 
260 |c 1970-05-16 
300 |a 8 
490 0 |a Délmagyarország  |v 60 No. 113 
695 |a Sportélet egyetemi Szeged 1970, sport